00358nam a2200121 a 450000100100000000500170001000800410002704000250006810000230009324500380011626000620015430000200021600003381720200930070537.0110913s1899 dr 000 0 spa d aDO-SdBNPbspacBNPHU1 aGodoy, García F.10aImpresiones /cGarcía F. Godoy. aMoca, República Dominicana :bImp. de J. Brache,c1899. a14 p. ;c20 cm.